Satunnaiset Maat #1 - Statistics

Yleistilastot
  • Tätä visaa on pelattu 44 kertaa
  • Keskiarvotulos 10 / 11
Vastaukset kartalla
Vastauksille on annettu kartalla punavihreä väri sen mukaan, kuinka moni on saanut sen oikein.
 
Vastaustilastot
Vastaus % Oikein
Suomi
100%
Mongolia
97%
Bolivia
95%
Guatemala
95%
Kazakstan
95%
Kiina
92%
Kuuba
92%
Oman
92%
Angola
90%
Mikronesia
90%
Algeria
82%
Ehtoja vastaavia visoja ei löytynyt
Tulosjakauma
Jokaisen tuloksen saaneiden osuus
Persentiili vastausten määrän mukaan
Tuloshistoriasi
Et ole pelannut tätä visaa